| 000 | 00546nam a22001937a 4500 | ||
|---|---|---|---|
| 008 | 200227b xxu||||| |||| 00| 0 eng d | ||
| 020 | _a9993397954 | ||
| 082 |
_a306 _bB4693i |
||
| 100 | _aBhattrai, Sajal | ||
| 245 | _aIntroduction of culture and society | ||
| 260 |
_aKathmandhu : _bNational Book Center, _c2003 |
||
| 300 | _a231p. | ||
| 504 | _aBibliography:p. 229-231 | ||
| 650 | _aSocial science | ||
| 650 | _aCultural activities | ||
| 650 |
_aCultural anthropology _922773 |
||
| 650 | _aCultural sociology | ||
| 942 |
_2ddc _cISBN |
||
| 999 |
_c94585 _d94574 |
||